Zahlencode Wörter #2 - Statistiken

Allgemein
  • Dieses Quiz wurde 33 mal gespielt
  • Das Durchschnittsergebnis liegt bei 7 aus 10
Antwortstatistiken
Code Wort % Korrekt
1-3-8-20-5-18-2-1-8-14 Achterbahn
100%
1-4-12-5-18 Adler
100%
1-12-1-18-13 Alarm
100%
1-13-5-9-19-5 Ameise
100%
1-14-6-1-14-7 Anfang
100%
1-14-7-19-20 Angst
100%
1-14-20-9-12-15-16-5 Antilope
100%
1-16-16-1-18-1-20 Apparat
100%
1-18-1 Ara
100%
1-18-3-8-5 Arche
100%
2-5-20-20-12-5-18 Bettler
100%
2-15-4-5-14 Boden
100%
2-18-1-21-20 Braut
100%
2-18-5-20-20 Brett
100%
2-18-15-14-26-5 Bronze
100%
2-18-21-3-8 Bruch
100%
2-21-18-7 Burg
100%
2-21-19-3-8 Busch
100%
3-8-1-14-3-5 Chance
100%
3-15-13-9-3 Comic
100%
3-15-21-3-8 Couch
100%
4-1-21-13-5-14 Daumen
100%
4-5-20-5-11-20-9-22 Detektiv
100%
4-18-15-19-19-5-12 Drossel
100%
4-21-4-11-5-12-8-5-9-20 Dunkelheit
100%
5-9-5-18 Eier
100%
5-9-14-2-18-5-3-8-5-18 Einbrecher
100%
5-12-3-8 Elch
100%
5-12-6 elf
100%
5-12-20-5-18-14 Eltern
100%
5-21-12-5 Eule
100%
6-1-12-11-5 Falke
100%
6-1-19-19 Fass
100%
6-5-18-18-1-18-9 Ferrari
100%
6-5-19-19-5-12 Fessel
100%
6-9-12-13 Film
100%
6-9-14-7-5-18 Finger
100%
6-9-18-13-1 Firma
100%
6-9-19-3-8-5-18 Fischer
100%
6-12-9-4-5-18 Flieder
100%
6-12-21-19-19 Fluss
100%
6-15-18-4 Ford
100%
6-15-19-19-9-12 Fossil
100%
6-18-5-9-26-5-9-20 Freizeit
100%
6-18-5-21-4-5 Freude
100%
7-1-18-20-5-14 Garten
100%
7-5-4-1-14-11-5-14 Gedanken
100%
7-5-16-1-18-4 Gepard
100%
7-5-19-3-8-9-3-8-20-5 Geschichte
100%
7-9-7-15-12-15 Gigolo
100%
7-9-12-4-5 Gilde
100%
8-1-9 Hai
100%
8-5-9-13-1-20 Heimat
100%
8-5-9-18-1-20 Heirat
100%
8-5-18-26 Herz
100%
9-7-5-12 Igel
100%
9-14-19-5-11-20 Insekt
100%
9-20-5-13 Item
100%
10-1-8-18-13-1-18-11-20 Jahrmarkt
100%
10-21-16-9-20-5-18 Jupiter
100%
11-1-13-9-14 Kamin
100%
11-1-19-19-5 Kasse
100%
11-1-20-5-18 Kater
100%
11-1-20-20-1 Katta
100%
11-9-18-3-8-5 Kirche
100%
11-14-9-5 Knie
100%
11-15-14-19-15-12-5 Konsole
100%
11-18-1-2-2-5 Krabbe
100%
11-18-1-14-9-3-8 Kranich
100%
12-1-13-1 Lama
100%
12-1-14-4 Land
100%
12-5-7-5-14-4-5 Legende
100%
12-21-24-21-19 Luxus
100%
13-1-3-8-5-20-5 Machete
100%
13-1-18-19 Mars
100%
13-1-20-18-15-19-5 Matrose
100%
13-1-21-5-18 Mauer
100%
13-5-5-18 Meer
100%
13-5-9-19-5 Meise
100%
13-5-18-3-5-4-5-19 Mercedes
100%
13-9-11-18-15-19-11-15-16 Mikroskop
100%
13-9-12-26 Milz
100%
13-9-14-21-20-5 Minute
100%
13-15-14-1-20 Monat
100%
13-15-14-4 Mond
100%
13-15-15-18 Moor
100%
13-15-20-15-18 Motor
100%
13-21-19-9-3-1-12 Musical
100%
14-1-4-5-12 Nadel
100%
14-1-8-18-21-14-7 Nahrung
100%
14-1-19-5 Nase
100%
14-5-2-5-12 Nebel
100%
14-5-21 neu
100%
14-9-12 Nil
100%
14-15-14-14-5 Nonne
100%
14-15-20-5-14 Noten
100%
15-3-8-19-5 Ochse
100%
15-18-4-14-21-14-7 Ordnung
100%
16-1-7-15-4-5 Pagode
100%
16-1-12-13-5 Palme
100%
16-1-22-9-1-14 Pavian
100%
16-5-3-8 Pech
100%
16-5-9-20-19-3-8-5 Peitsche
100%
16-6-1-4 Pfad
100%
16-8-1-14-20-15-13 Phantom
100%
16-15-4-3-8-15 Poncho
100%
16-18-9-14-26-5-19-19-9-14 Prinzessin
100%
16-21-4-4-9-14-7 Pudding
100%
16-21-4-5-12 Pudel
100%
17-21-9-26 Quiz
100%
18-5-11-15-18-4 Rekord
100%
18-5-14-1-21-12-20 Renault
100%
18-5-22-15-12-22-5-18 Revolver
100%
18-9-20-20-5-18 Ritter
100%
18-15-3-11 Rock
100%
18-15-13 Rom
100%
18-21-4-5-18 Ruder
100%
19-1-20-21-18-14 Saturn
100%
19-3-8-12-1-14-7-5 Schlange
100%
19-3-8-14-5-5 Schnee
100%
19-9-12-2-5-18 Silber
100%
19-11-1-14-4-1-12 Skandal
100%
19-11-15-18-16-9-15-14 Skorpion
100%
19-16-5-3-8-20 Specht
100%
19-20-5-18-14 Stern
100%
19-20-5-18-14-26-5-9-3-8-5-14 Sternzeichen
100%
19-20-18-1-8-12 Strahl
100%
19-20-18-1-14-4 Strand
100%
19-20-21-18-13 Sturm
100%
19-21-13-16-6 Sumpf
100%
19-21-16-16-5 Suppe
100%
20-1-14-14-5 Tanne
100%
20-1-18-26-1-14 Tarzan
100%
20-15-4 Tod
100%
20-18-1-17-5-26 Trapez
100%
20-18-9-3-11 Trick
100%
20-19-3-8-5-3-8-9-5-14 Tschechien
100%
22-1-14-9-12-12-5 Vanille
100%
22-5-14-21-19 Venus
100%
22-15-12-11 Volk
100%
22-15-12-12-20-18-5-6-6-5-18 Volltreffer
100%
23-1-7-5-14 Wagen
100%
23-1-12-4 Wald
100%
23-15-12-6 Wolf
100%
26-5-8-14 zehn
100%
26-5-9-20 Zeit
100%
26-5-12-20 Zelt
100%
26-9-13-13-5-18 Zimmer
100%
26-9-20-20-5-18-1-1-12 Zitteraal
100%
26-15-15 Zoo
100%
26-21-3-11-5-18 Zucker
100%
26-23-1-14-26-9-7 zwanzig
100%
8-1-21-2-5 Haube
67%
8-15-12-12-25-23-15-15-4 Hollywood
67%
11-5-9-13-5 Keime
67%
11-14-15-19-16-5 Knospe
67%
1-3-8-20-26-5-8-14 achtzehn
50%
2-1-21-19-20-5-12-12-5 Baustelle
50%
2-5-21-20-5-12 Beutel
50%
5-2-5-11-20-18-9-11-5-18 Elektriker
50%
6-1-8-18-5-18 Fahrer
50%
6-12-15-18-5-20-20 Florett
50%
6-15-18-13-5-12 Formel
50%
7-5-19-3-8-23-9-19-20-5-18 Geschwister
50%
7-5-19-9-3-8-20 Gesicht
50%
8-1-21-19-8-1-12-20 Haushalt
50%
10-5-14-19-5-9-20-19 Jenseits
50%
14-21-3-11-5-12 Nuckel
50%
15-26-5-1-14 Ozean
50%
18-15-12-12-5 Rolle
50%
19-1-14-4-13-1-14-14 Sandmann
50%
19-3-8-9-12-4 Schild
50%
19-3-8-23-5-6-5-12 Schwefel
50%
19-15-7-1 Sofa
50%
19-11-1-20-5-2-15-1-18-4 Skateboard
33%
1-2-6-12-21-19-19 Abfluss
0%
1-7-5-14-20 Agent
0%
1-13-19-5-12 Amsel
0%
1-14-7-5-12 Angel
0%
1-16-8-18-15-4-9-20-5 Aphrodite
0%
1-16-15-11-1-12-25-16-19-5 Apokalypse
0%
1-18-13-5-5 Armee
0%
1-18-26-20 Arzt
0%
1-19-9-5-14 Asien
0%
1-19-20 Ast
0%
1-21-4-9 Audi
0%
1-22-1-10-1-18 Avatar
0%
2-1-4-5-23-1-14-14-5 Badewanne
0%
2-1-14-1-14-5 Banane
0%
2-1-21-5-18 Bauer
0%
2-5-12-1-7-5-18-21-14-7 Belagerung
0%
2-5-18-7 Berg
0%
2-5-18-12-9-14 Berlin
0%
2-9-2-5-12 Bibel
0%
2-9-12-4 Bild
0%
2-9-12-4-21-14-7 Bildung
0%
2-9-18-14-5 Birne
0%
2-12-1-21-23-1-12 Blauwal
0%
2-12-5-9 Blei
0%
2-12-15-3-11 Block
0%
2-12-21-13-5-14 Blumen
0%
2-13-23 BMW
0%
2-15-3-11 Bock
0%
2-18-1-19-9-12-9-5-14 Brasilien
0%
2-18-5-9 Brei
0%
2-18-5-14-14-14-5-19-19-5-12 Brennnessel
0%
2-18-9-12-12-5 Brille
0%
2-18-15-3-11-5-14 Brocken
0%
2-18-15-20 Brot
0%
2-18-21-4-5-18 Bruder
0%
2-21-3-8 Buch
0%
2-21-3-11-5-12 Buckel
0%
3-5-12-19-9-21-19 Celsius
0%
3-8-9-14-1 China
0%
3-8-9-18-21-18-7 Chirurg
0%
3-15-13-15-21-20-5-18 Computer
0%
3-15-23-2-15-25 Cowboy
0%
4-1-21-5-18 Dauer
0%
4-5-7-5-14 Degen
0%
4-5-12-6-9-14 Delfin
0%
4-9-1-13-1-14-20 Diamant
0%
4-9-5-2 Dieb
0%
4-15-18-14 Dorn
0%
4-18-5-8-21-14-7 Drehung
0%
4-18-5-9 drei
0%
4-18-5-9-5-3-11 Dreieck
0%
5-8-5 Ehe
0%
5-8-18-5 Ehre
0%
5-9-4-5-3-8-19-5 Eidechse
0%
5-9-14-19 eins
0%
5-9-19-5-14 Eisen
0%
5-12-5-6-1-14-20 Elefant
0%
5-12-5-11-20-18-15 Elektro
0%
5-14-11-5-12 Enkel
0%
5-18-4-5 Erde
0%
5-21-18-15 Euro
0%
5-24-15-18-26-9-19-20 Exorzist
0%
5-24-16-5-18-9-13-5-14-20 Experiment
0%
6-1-13-9-12-9-5 Familie
0%
6-1-21-12-8-5-9-20 Faulheit
0%
6-1-21-12-20-9-5-18 Faultier
0%
6-1-21-19-20 Faust
0%
6-5-3-8-20-5-14 Fechten
0%
6-5-9-5-18 Feier
0%
6-5-14-19-20-5-18 Fenster
0%
6-5-21-4-1-12-9-19-13-21-19 Feudalismus
0%
6-9-1-19-11-15 Fiasko
0%
6-9-5-2-5-18 Fieber
0%
6-9-14-11 Fink
0%
6-12-1-13-9-14-7-15 Flamingo
0%
6-12-1-13-13-5-14 Flammen
0%
6-12-9-16-16-5-18 Flipper
0%
6-12-21-3-8 Fluch
0%
6-18-15-19-3-8 Frosch
0%
7-1-2-5-12 Gabel
0%
7-1-18-4-5-18-15-2-5 Garderobe
0%
7-1-21-14-5-18 Gauner
0%
7-5-2-21-18-20-19-20-1-7 Geburtstag
0%
7-5-9-5-18 Geier
0%
7-5-9-19-5-12 Geisel
0%
7-5-9-19-8-1 Geisha
0%
7-5-9-19-20 Geist
0%
7-5-12-5-14-11 Gelenk
0%
7-5-14-9-5 Genie
0%
7-5-14-20-12-5-13-1-14 Gentleman
0%
7-5-18-1-14-9-5 Geranie
0%
7-5-19-1-14-7 Gesang
0%
7-5-19-3-8-13-1-3-11 Geschmack
0%
7-14-1-4-5 Gnade
0%
7-15-12-4 Gold
0%
7-15-12-6 Golf
0%
7-15-18-9-12-12-1 Gorilla
0%
7-18-1-2 Grab
0%
7-18-1-6 Graf
0%
7-18-1-6-6-9-20-9 Graffiti
0%
7-18-1-6-9-11 Grafik
0%
7-18-9-12-12 Grill
0%
7-18-9-12-12-5 Grille
0%
8-1-14-4 Hand
0%
8-5-12-4 Held
0%
8-5-18-2-19-20 Herbst
0%
8-5-18-4 Herd
0%
8-5-18-11-21-14-6-20 Herkunft
0%
8-9-13-2-5-5-18-5 Himbeere
0%
8-9-13-13-5-12 Himmel
0%
8-15-3-8-19-20-1-16-12-5-18 Hochstapler
0%
8-15-3-8-26-5-9-20 Hochzeit
0%
8-16-14-9-7 Honig
0%
8-15-18-9-26-15-14-20 Horizont
0%
8-15-18-14 Horn
0%
8-15-18-18-15-18 Horror
0%
8-15-20-5-12 Hotel
0%
9-13-11-5-18 Imker
0%
9-14-4-9-1-14-5-18 Indianer
0%
9-14-6-5-18-14-15 Inferno
0%
9-14-19-16-5-11-20-15-18 Inspektor
0%
10-1-7-4 Jagd
0%
10-1-7-21-1-18 Jaguar
0%
10-15-14-7-12-5-21-18 Jongleur
0%
10-21-8-5-14-4 Jugend
0%
11-1-19-19-9-15-16-5-9-1 Kassiopeia
0%
11-1-20-1-19-20-18-15-16-8-5 Katastrophe
0%
11-1-21-6-8-1-21-19 Kaufhaus
0%
11-5-8-12-5 Kehle
0%
11-5-11-19-5 Kekse
0%
11-5-21-3-8-8-21-19-20-5-14 Keuchhusten
0%
11-9-5-19-5-12 Kiesel
0%
11-9-12-12-5-18 Killer
0%
11-9-14-15 Kino
0%
11-14-1-12-12 Knall
0%
11-14-5-3-8-20 Knecht
0%
11-15-1-12-1 Koala
0%
11-15-3-8 Koch
0%
11-15-8-12 Kohl
0%
11-15-11-15-14 Kokon
0%
11-15-12-9-2-18-9 Kolibri
0%
11-15-13-16-15-19-20 Kompost
0%
11-15-14-26-5-18-20 Konzert
0%
11-21-4-21 Kudu
0%
11-21-16-6-5-18 Kupfer
0%
11-21-19-19 Kuss
0%
12-1-4-5-14 Laden
0%
12-1-13-5-20-20-1 Lametta
0%
12-1-13-16-5 Lampe
0%
12-1-19-19-15 Lasso
0%
12-1-20-5-18-14-5 Laterne
0%
12-1-21-6-2-1-8-14 Laufbahn
0%
12-5-2-5-14 Leben
0%
12-5-2-5-14-19-13-9-20-20-5-12 Lebensmittel
0%
12-5-2-5-18 Leber
0%
12-5-7-9-15-14 Legion
0%
12-5-8-18-5 Lehre
0%
12-5-9-20-5-18 Leiter
0%
12-9-3-8-20 Licht
0%
12-9-5-4 Lied
0%
12-15-12-12-9-16-15-16 Lollipop
0%
12-21-14-7-5 Lunge
0%
13-1-6-9-1 Mafia
0%
13-1-13-1 Mama
0%
13-1-18-13-5-12-1-4-5 Marmelade
0%
13-1-21-5-18 Mauer
0%
13-5-8-18-26-1-8-12 Mehrzahl
0%
13-5-18-11-21-18 Merkur
0%
13-5-20-1-12-12 Metall
0%
13-5-21-20-5-18-5-9 Meuterei
0%
13-5-24-9-11-15 Mexiko
0%
13-9-12-12-9-15-14 Million
0%
13-9-19-19-9-15-14 Mission
0%
13-9-20-1-18-2-5-9-20-5-18 Mitarbeiter
0%
13-9-20-20-5-12-1-12-20-5-18 Mittelalter
0%
13-15-18-4 Mord
0%
13-21-19-5-21-13 Museum
0%
13-21-19-9-11 Musik
0%
13-21-19-11-5-20-9-5-18 Musketier
0%
13-25-20-8-15-19 Mythos
0%
14-1-3-8-2-1-8 Nachbar
0%
14-1-3-8-20-9-7-1-12-12 Nachtigall
0%
14-1-3-11-5-14 Nacken
0%
14-1-20-21-18 Natur
0%
14-5-9-4 Neid
0%
14-5-16-20-21-14 Neptun
0%
14-5-21-14 neun
0%
14-9-3-11-5-12 Nickel
0%
14-9-12-16-6-5-18-4 Nilpferd
0%
14-21-19-19 Nuss
0%
15-2-19-20 Obst
0%
15-16-5-18 Oper
0%
15-16-6-5-18 Opfer
0%
15-18-1-14-7-5 Orange
0%
15-18-9-5-14-20 Orient
0%
15-26-5-12-15-20 Ozelot
0%
16-1-1-18-21-14-7 Paarung
0%
6-1-14-4-1 Panda
0%
16-1-14-9-11 Panik
0%
16-1-14-20-8-5-18 Panther
0%
16-1-14-20-15-6-6-5-12 Pantoffel
0%
16-1-14-26-5-18 Panzer
0%
16-1-16-1-7-5-9 Papagei
0%
16-1-16-9-18 Papier
0%
16-1-18-1-4-5 Parade
0%
16-1-18-11 Park
0%
16-1-18-20-25 Party
0%
16-1-19-19-23-15-18-20 Passwort
0%
16-1-21-19-5 Pause
0%
16-1-26-9-6-9-11 Pazifik
0%
16-5-21-7-5-15-20 Peugeot
0%
16-6-1-21 Pfau
0%
16-6-5-9-12 Pfeil
0%
16-6-9-4-7-19-20-5-14 Pfingsten
0%
16-6-9-18-19-9-3-8 Pfirsich
0%
16-9-12-15-20 Pilot
0%
16-9-14-7-21-9-14 Pinguin
0%
16-9-14-19-5-12 Pinsel
0%
16-9-18-1-14-8-1 Piranha
0%
16-12-1-14-5-20 Planet
0%
16-12-1-20-9-14 Platin
0%
16-12-1-20-20-5 Platte
0%
16-12-1-20-26 Platz
0%
16-12-21-20-15 Pluto
0%
16-18-15-6-9 Profi
0%
18-1-2-5 Rabe
0%
18-1-8-13-5-14 Rahmen
0%
18-1-19-19-5 Rasse
0%
18-5-6-12-5-24 Reflex
0%
18-5-7-1-12 Regal
0%
18-5-7-5-14-2-15-7-5-14 Regenbogen
0%
18-5-8 Reh
0%
18-5-9-6-5-14 Reifen
0%
18-5-22-1-14-3-8-5 Revanche
0%
18-9-5-7-5-12 Riegel
0%
18-9-14-4 Rind
0%
18-9-19-9-11-15 Risiko
0%
18-9-22-1-12-5 Rivale
0%
18-15-2-15-20-5-18 Roboter
0%
18-15-3-8-5-14 Rochen
0%
18-15-12-12-5-18 Roller
0%
18-15-19-5 Rose
0%
18-21-2-9-14 Rubin
0%
19-1-16-8-9-18 Saphir
0%
19-1-20-5-12-12-9-20 Satellit
0%
19-1-21 Sau
0%
19-3-8-1-4-5-14 Schaden
0%
19-3-8-1-20-20-5-14 Schatten
0%
19-3-8-1-20-26 Schatz
0%
19-3-8-1-21-19-16-9-12-5-18 Schauspieler
0%
19-3-8-5-18-26 Scherz
0%
19-3-8-9-13-16-1-14-19-5 Schimpanse
0%
19-3-8-12-5-9-6-5 Schleife
0%
19-3-8-12-9-20-20-5-14 Schlitten
0%
19-3-8-12-15-19-19 Schloss
0%
19-3-8-13-5-18-26-5-14 Schmerzen
0%
19-3-8-13-5-20-20-5-18-12-9-14-7 Schmetterling
0%
19-3-8-18-5-3-11-5-14 Schrecken
0%
19-3-8-21-12-5 Schule
0%
19-3-8-21-20-26 Schutz
0%
19-3-8-23-1-14 Schwan
0%
19-3-8-23-5-9-14 Schwein
0%
19-3-8-23-5-19-20-5-18 Schwester
0%
19-5-3-8-19 sechs
0%
19-5-7-5-12-2-15-15-20 Segelboot
0%
19-5-8-5-14 Segen
0%
19-5-9-4-5 Seide
0%
9-5-9-6-5 Seife
0%
19-5-19-19-5-12 Sessel
0%
19-5-21-3-8-5 Seuche
0%
19-5-21-6-26-5-18 Seufzer
0%
19-9-3-8-5-12 Sichel
0%
19-9-5-2-5-14 sieben
0%
19-13-1-18-1-7-4 Smaragd
0%
19-15-14-14-5 Sonne
0%
19-15-14-14-5-14-2-18-1-14-4 Sonnenbrand
0%
19-15-14-14-5-14-19-3-8-5-9-14 Sonnenschein
0%
19-16-5-9-3-8-5-12 Speichel
0%
19-16-9-5-12-5 Spiele
0%
19-16-9-14-14-5-14-14-5-20-26 Spinnennetz
0%
19-16-9-20-26-5 Spitze
0%
19-20-1-3-8-5-12 Stachel
0%
19-20-1-14-7-5 Stange
0%
19-20-1-21-4-1-13-13 Staudamm
0%
19-20-5-1-11 Steak
0%
19-20-5-9-14 Stein
0%
19-20-5-18-14-19-3-8-14-21-16-16-5 Sternschnuppe
0%
19-20-18-15-8 Stroh
0%
19-20-21-14-4-5 Stunde
0%
19-21-3-8-5 Suche
0%
20-1-14-7-16 Tango
0%
20-5-9-7 Teig
0%
20-5-9-12-14-5-8-13-5-18 Teilnehmer
0%
20-5-13-16-5-18-1-20-21-18 Temperatur
0%
20-5-14-14-9-19 Tennis
0%
20-5-21-6-5-12 Teufel
0%
20-8-5-18-13-15-13-5-20-5-18 Thermometer
0%
20-9-5-18-5 Tiere
0%
20-9-19-3-8 Tisch
0%
20-15-18-2-15-7-5-14 Torbogen
0%
20-15-18-14-1-4-15 Tornado
0%
20-15-21-18-9-19-20 Tourist
0%
19-18-1-13-15-16-12-9-14 Trampolin
0%
20-8-1-21-13 Traum
0%
20-18-1-21-21-14-7 Trauung
0%
20-18-21-8-5 Truhe
0%
21-14-8-5-9-12 Unheil
0%
21-18-1-14-21-19 Uranus
0%
22-1-13-16-9-18 Vampir
0%
22-9-12-12-1 Villa
0%
22-15-12-11-19-23-1-7-5-14 Volkswagen
0%
22-21-12-11-1-14 Vulkan
0%
23-1-12 Wal
0%
23-1-12-26-5-18 Walzer
0%
23-1-14-26-5 Wanze
0%
23-1-19-19-5-18 Wasser
0%
23-5-12-20 Welt
0%
23-5-18-20 Wert
0%
23-5-20-20-12-1-21-6 Wettlauf
0%
23-21-14-19-3-8 Wunsch
0%
23-21-18-19-20 Wurst
0%
23-21-18-26-5-12 Wurzel
0%
26-9-18-11-21-19 Zirkus
0%
26-21-3-3-8-9-14-9 Zucchini
0%
26-23-5-9-6-5-12 Zweifel
0%
Keine übereinstimmenden Quizze gefunden
Verteilung der Resultate
Anzahl Personen mit jedem Resultat
Perzentil nach korrekt beantworteten Fragen
Ihre Resultats-Entwicklung
Sie haben dieses Quiz noch nicht gespielt